Cuentos de cantaoras (Registro nro. 281772)
[ vista simple ]
| 001 - NÚMERO DE CONTROL | |
|---|---|
| campo de control | 796638 |
| 005 - FECHA Y HORA DE LA ÚLTIMA TRANSACCIÓN | |
| campo de control | 20260506095712.0 |
| 007 - CAMPO FIJO DE DESCRIPCIÓN FÍSICA--INFORMACIÓN GENERAL | |
| campo de control de longitud fija | vf||| |
| 008 - DATOS DE LONGITUD FIJA--INFORMACIÓN GENERAL | |
| campo de control de longitud fija | 030218s2000 spa |
| 035 ## - NÚMERO DE CONTROL DEL SISTEMA | |
| Número de control de sistema | 796638 |
| 040 ## - FUENTE DE LA CATALOGACIÓN | |
| Centro/agencia transcriptor | comduadb |
| 041 ## - CÓDIGO DE LENGUA | |
| Código de lengua del texto/banda sonora o título independiente | spa |
| 080 ## - NÚMERO DE LA CLASIFICACIÓN DECIMAL UNIVERSAL | |
| Número de la Clasificación Decimal Universal | V |
| 100 10 - ENTRADA PRINCIPAL--NOMBRE DE PERSONA | |
| Nombre de persona | Arredondo, Juan G. |
| Código de función | drt |
| Término indicativo de función/relación | Director/a |
| 9 (RLIN) | 507389 |
| 245 10 - MENCIÓN DE TÍTULO | |
| Título | Cuentos de cantaoras |
| 260 ## - PUBLICACIÓN, DISTRIBUCIÓN, ETC. | |
| Lugar de publicación, distribución, etc. | Medellín : |
| Nombre del editor, distribuidor, etc. | Luz Artificial Producciones, |
| Fecha de publicación, distribución, etc. | 2000. |
| 300 ## - DESCRIPCIÓN FÍSICA | |
| Extensión | 1 videocasete (24 min.) : son., col.; 1/2 plg. |
| Especificación de materiales | VHS |
| 490 0# - MENCIÓN DE SERIE | |
| Mención de serie | Historias de mujeres colombianas |
| 505 80 - NOTA DE CONTENIDO CON FORMATO | |
| Título | Mujeres de frontera |
| 505 80 - NOTA DE CONTENIDO CON FORMATO | |
| Título | Saberes de la selva y el mar |
| 505 80 - NOTA DE CONTENIDO CON FORMATO | |
| Título | Los sueños elásticos |
| 505 80 - NOTA DE CONTENIDO CON FORMATO | |
| Título | El hombre blanco tiene sed |
| 520 3# - SUMARIO, ETC. | |
| Sumario, etc. | Resumen :presenta a las mujeres cantaoras del Atlantico y del Pacifico que guardan en sus cantos sus historias y tradicion. |
| 650 ## - PUNTO DE ACCESO ADICIONAL DE MATERIA--TÉRMINO DE MATERIA | |
| Término de materia o nombre geográfico como elemento de entrada | Mujeres - Aspectos culturales |
| 9 (RLIN) | 108079 |
| 650 #7 - PUNTO DE ACCESO ADICIONAL DE MATERIA--TÉRMINO DE MATERIA | |
| Término de materia o nombre geográfico como elemento de entrada | Tradición oral |
| Fuente del encabezamiento o término | lemb |
| 9 (RLIN) | 13709 |
| 650 ## - PUNTO DE ACCESO ADICIONAL DE MATERIA--TÉRMINO DE MATERIA | |
| Término de materia o nombre geográfico como elemento de entrada | Caribe (Región) |
| 9 (RLIN) | 17201 |
| 650 ## - PUNTO DE ACCESO ADICIONAL DE MATERIA--TÉRMINO DE MATERIA | |
| Término de materia o nombre geográfico como elemento de entrada | Region del Pacifico (Colombia) |
| 9 (RLIN) | 17308 |
| 650 ## - PUNTO DE ACCESO ADICIONAL DE MATERIA--TÉRMINO DE MATERIA | |
| Término de materia o nombre geográfico como elemento de entrada | Canciones folclóricas |
| 9 (RLIN) | 3190 |
| 650 #7 - PUNTO DE ACCESO ADICIONAL DE MATERIA--TÉRMINO DE MATERIA | |
| Término de materia o nombre geográfico como elemento de entrada | Mujeres |
| Subdivisión geográfica | Colombia |
| Fuente del encabezamiento o término | lemb |
| 9 (RLIN) | 170313 |
| 700 10 - ENTRADA AGREGADA--NOMBRE PERSONAL | |
| Nombre de persona | Arboleda C., Mauricio |
| Código de función | edt |
| Término indicativo de función/relación | Editor/a |
| 9 (RLIN) | 369485 |
| 942 ## - ELEMENTOS DE ENTRADA AGREGADA (KOHA) | |
| Tipo de ítem Koha | Libros |
| Estado de retiro | Estado de pérdida | Estado dañado | No para préstamo | Código de colección | Localización permanente | Ubicación/localización actual | Fecha de adquisición | Fuente de adquisición | Coste, precio normal de compra | Número de inventario | Total de préstamos | Signatura topográfica completa | Código de barras | Fecha visto por última vez | Número de copia | Precio válido a partir de | Tipo de ítem Koha |
|---|---|---|---|---|---|---|---|---|---|---|---|---|---|---|---|---|---|
| Ocultar de OPAC | No para préstamo | Colección de Audiovisuales Planta Baja | Biblioteca Carlos Gaviria Díaz, Campus Medellín | Biblioteca Carlos Gaviria Díaz, Campus Medellín | 18/02/2003 | Juan Guillermo Arredondo Uribe | 120000.00 | C770259 | V-03874e1 | 61000002538979 | 25/04/2023 | 1 | 25/04/2023 | Cintas (casete, Videocasete) - Reserva | |||
| Colección de Audiovisuales Planta Baja | Biblioteca Carlos Gaviria Díaz, Campus Medellín | Biblioteca Carlos Gaviria Díaz, Campus Medellín | 19/02/2003 | Centro de Video Profesional | 9780.00 | C770389 | V-03874e2 | 61000002538961 | 25/04/2023 | 2 | 25/04/2023 | Cintas (casete, Videocasete) |